<?xml version="1.0" encoding="UTF-8"?>
<collection xmlns="http://www.loc.gov/MARC21/slim">
 <record>
  <leader>     na                 </leader>
  <controlfield tag="001">INLIS000000000002883</controlfield>
  <controlfield tag="005">20220322093346</controlfield>
  <datafield tag="035" ind1=" " ind2=" ">
   <subfield code="a">0010-0621002483</subfield>
  </datafield>
  <controlfield tag="008">220322                g          0 ind  </controlfield>
  <datafield tag="245" ind1="1" ind2=" ">
   <subfield code="a">Teori dan profesi kehumasan serta aplikasinya di Indonesia</subfield>
  </datafield>
  <datafield tag="100" ind1="1" ind2=" ">
   <subfield code="a">Anggoro, M. Linggan</subfield>
  </datafield>
  <datafield tag="260" ind1=" " ind2=" ">
   <subfield code="a">Jakarta :</subfield>
   <subfield code="b">Bumi Aksara,</subfield>
   <subfield code="c">2002</subfield>
  </datafield>
  <datafield tag="300" ind1=" " ind2=" ">
   <subfield code="a">318 hlm. ;</subfield>
   <subfield code="c">23 cm.</subfield>
  </datafield>
  <datafield tag="020" ind1=" " ind2=" ">
   <subfield code="a">979-526-480-x</subfield>
  </datafield>
  <datafield tag="084" ind1=" " ind2=" ">
   <subfield code="a">659.02 ANG t</subfield>
  </datafield>
  <datafield tag="520" ind1=" " ind2=" ">
   <subfield code="a">TEORI PROFESI KEHUMASAN SERTA APLIKASINYA DI IMDONESIABidang profesi humas (hubungan masyarakat) merupakan salah satu aspek manajemen yang diperlukan oleh setiap organisasi, baik itu organisasi yang bersifat komersial (perusahaan) maupun organisasi yang nonkomersial. Mulai dari yayasan perguruan tinggi, dinas militer, sampai dengan lembaga-lembaga pemerintah, bahkan pesantren. Kehadirannya dibutuhkan karena humas merupakan salah satu elemen yang menentukan kelangsungan suatu organisasi secara positif. Arti penting humas sebagai sumber informasi terpercaya kianterasa pada era globalisasi dan &quot;banjir informasi &quot; seperti saat ini. Humas atau public relations mencakup semua bentuk komunikasi yang terselenggara antara organisasi yang bersangkutan dengan siapa saja yang berkepentingan dengannya. Setiap orang pada dasarnya juga selalu mengalami humas, selama ia masih menjalin kontak dengan manusia lainnya. Bagi kalangan awam, humas terkesan sebagai sebuah &quot;barang baru &quot;, mungkin baru muncul sejak berakhirnya Perang Dunia Kedua atau paling lama pada permulaan abad kedua puluh. Kesan seperti itu mencolok di negara-negara muda, yakni yang baru meraih kemerdekaan pada dua puluh atau tiga puluh tahun yang lampau. Di negara yang sudah sejak lama merdeka serta mencaPai status negara industri, humas sudah menjadi bagian dari kegiatan komunikasi massa. Namun, di kalangan negara maju pun masih ada anggapan yang keliru tentang sejarah humas. Pendapat umum yang ada mengatakan lahwa humas tercipta di Amerika Serikat. Namun sesungguhnya, lama sebelum benua Amerika itu diketemukan oleh Columbus, atau bahkan bangsa Viking, humas sudah ada. Praktek humas dalam pengertiannya yang paling hakiki sudah ada di nusantara sebelum kedatangan Belanda. Sebagai salah satu contohnya, usaha panembahan Senopati, pendiri Kerajaan Mataram, untuk menyebarkan &quot;gosip,, bahwa ia dan keturunannya akan menjadi pasangan dan lindungan Nyai Roro ridul, pada dasarnya -menurut salah safu versi sejarah- dimaksudkan untuk menyaingi pengaruh pada adipati di pesisir pantai utara Jawa yang sekuasaannya direstui oleh para sunan (wali) yang sangat disegani. by iwn.</subfield>
  </datafield>
  <datafield tag="082" ind1=" " ind2=" ">
   <subfield code="a">659.02</subfield>
  </datafield>
  <datafield tag="650" ind1=" " ind2="4">
   <subfield code="a">Hubungan Masyarakat</subfield>
  </datafield>
  <datafield tag="990" ind1=" " ind2=" ">
   <subfield code="a">036501</subfield>
  </datafield>
  <datafield tag="990" ind1=" " ind2=" ">
   <subfield code="a">036497</subfield>
  </datafield>
  <datafield tag="990" ind1=" " ind2=" ">
   <subfield code="a">036498</subfield>
  </datafield>
  <datafield tag="990" ind1=" " ind2=" ">
   <subfield code="a">036499</subfield>
  </datafield>
  <datafield tag="990" ind1=" " ind2=" ">
   <subfield code="a">036500</subfield>
  </datafield>
 </record>
</collection>
